[Event "36th Rubinstein Memorial"]
[Site "Polanica Zdroj POL"]
[Date "1999.08.17"]
[Round "1"]
[White "Gurevich, Mikhail"]
[Black "Van Wely, Loek"]
[WhiteElo "2643"]
[BlackElo "2629"]
[Result "1/2-1/2"]
[EventDate "1999.08.17"]
[PlyCount "29"]
1. d4 Nf6 2. c4 g6 3. Nc3 d5 4. cxd5 Nxd5 5. e4 Nxc3 6. bxc3 Bg7 7. Nf3 c5 8. Rb1 O-O 9. Be2 cxd4 10. cxd4 Qa5+ 11. Qd2 Qxd2+ 12. Bxd2 Rd8 13. d5 e6 14. Bc4 exd5 15. Bxd5 1/2-1/2

[Event "36th Rubinstein Memorial"]
[Site "Polanica Zdroj POL"]
[Date "1999.08.17"]
[Round "1"]
[White "Khenkin, Igor"]
[Black "Sutovsky, Emil"]
[WhiteElo "2633"]
[BlackElo "2587"]
[Result "1-0"]
[EventDate "1999.08.17"]
[PlyCount "95"]
1. d4 Nf6 2. c4 g6 3. Nc3 d5 4. cxd5 Nxd5 5. e4 Nxc3 6. bxc3 Bg7 7. Nf3 c5 8. Be3 Qa5 9. Qd2 Nc6 10. Rb1 O-O 11. Rb5 cxd4 12. Rxa5 dxe3 13. Qxe3 Nxa5 14. h4 Bg4 15. Nd4 Rac8 16. h5 Rfd8 17. f3 Bd7 18. hxg6 hxg6 19. e5 Rc5 20. f4 Rdc8 21. Kd2 Rc4 22. Kc2 Ra4 23. Kb2 Nc4+ 24. Bxc4 Raxc4 25. Rd1 Ba4 26. Nb3 Bc6 27. g3 e6 28. Rd4 Rxd4 29. Nxd4 Bd5 30. Nb5 Bf8 31. Nd6 Rc6 32. Qxa7 Ra6 33. Qb8 Rxa2+ 34. Kb1 Rh2 35. Qc7 Rh7 36. c4 Bf3 37. Kb2 Rh2+ 38. Kc3 Rh7 39. Kd4 Bg2 40. Qc8 Rh1 41. Qd7 Rd1+ 42. Kc5 Bxd6+ 43. exd6 Bc6 44. Qe7 Kg7 45. g4 Rd3 46. g5 Kg8 47. Qd8+ Kg7 48. Kb6 {c7,c5,d7+-} 1-0

[Event "36th Rubinstein Memorial"]
[Site "Polanica Zdroj POL"]
[Date "1999.08.17"]
[Round "1"]
[White "Markowski, Tomasz"]
[Black "Bunzmann, Dimitrij"]
[WhiteElo "2557"]
[BlackElo "2596"]
[Result "0-1"]
[EventDate "1999.08.17"]
[PlyCount "70"]
1. g3 e5 2. c4 c6 3. d4 Bb4+ 4. Bd2 Bxd2+ 5. Qxd2 d6 6. Nc3 Nf6 7. Bg2 Nbd7 8. e3 Qe7 9. Nge2 O-O 10. h3 Re8 11. O-O Nf8 12. e4 a6 13. Rad1 b5 14. c5 dxc5 15. dxe5 Qxe5 16. f4 Qh5 17. e5 b4 18. Na4 Nd5 19. g4 Qh4 20. Nxc5 h5 21. Nd4 hxg4 22. Nxc6 Qg3 23. Qxd5 gxh3 24. Rf2 hxg2 25. Ne7+ Rxe7 26. Qxa8 Rc7 27. Ne4 Qe3 28. Ng5 Bb7 29. Qe8 Rd7 30. Ra1 Rc7 31. Rd1 Rd7 32. Ra1 Bc6 33. Qc8 Rd2 34. Nh3 Rc2 35. Rd1 Rc1 {Und Weiss gab auf.} 0-1

[Event "36th Rubinstein Memorial"]
[Site "Polanica Zdroj POL"]
[Date "1999.08.17"]
[Round "1"]
[White "Milov, Vadim"]
[Black "Rustemov, Alexander"]
[WhiteElo "2626"]
[BlackElo "2573"]
[Result "1/2-1/2"]
[EventDate "1999.08.17"]
[PlyCount "85"]
1. c4 c6 2. d4 d5 3. cxd5 cxd5 4. Nf3 Nc6 5. Nc3 Nf6 6. Bf4 Ne4 7. e3 Nxc3 8. bxc3 g6 9. Ne5 Bg7 10. Nxc6 bxc6 11. Qa4 O-O 12. Bd3 Bd7 13. O-O c5 14. Bb5 Bxb5 15. Qxb5 Qb6 16. Rfb1 Qxb5 17. Rxb5 Rfc8 18. Rab1 f6 19. Bb8 Bf8 20. g4 a6 21. Rb7 cxd4 22. cxd4 Rc2 23. R1b2 Rc1+ 24. Kg2 a5 25. Ba7 e6 26. g5 fxg5 27. Bb8 Rc4 28. R2b6 Rb4 29. h3 Rxb6 30. Rxb6 a4 31. Bd6 Bxd6 32. Rxd6 Kf7 33. Rd7+ Kg8 34. Kg3 Rc8 35. Ra7 Rc4 36. f4 Rc3 37. Rxa4 Rxe3+ 38. Kg4 gxf4 39. Kxf4 Re4+ 40. Kg5 Kg7 41. Ra7+ Kg8 42. Kf6 Rf4+ 43. Ke5 1/2-1/2

[Event "36th Rubinstein Memorial"]
[Site "Polanica Zdroj POL"]
[Date "1999.08.18"]
[Round "2"]
[White "Bunzmann, Dimitrij"]
[Black "Van Wely, Loek"]
[WhiteElo "2596"]
[BlackElo "2629"]
[Result "0-1"]
[EventDate "1999.08.17"]
[PlyCount "112"]
1. Nf3 Nf6 2. c4 c6 3. Nc3 d5 4. d4 dxc4 5. a4 Bf5 6. e3 e6 7. Bxc4 Bb4 8. O-O Nbd7 9. Qe2 Bg6 10. e4 O-O 11. e5 Nd5 12. Ne4 c5 13. Bg5 Qa5 14. Bb5 Qc7 15. Rfc1 h6 16. Bd2 b6 17. Bxb4 Nxb4 18. Nd6 a6 19. Bxd7 Qxd7 20. dxc5 bxc5 21. Rxc5 Rfb8 22. b3 Qa7 23. Rcc1 Nd5 24. Qd1 Rb4 25. Rc4 Rab8 26. Qd4 Qxd4 27. Nxd4 Bd3 28. Nc6 Rxb3 29. Nxb8 Bxc4 30. Nxc4 Rxb8 31. Kf1 Rb4 32. Nd2 Nb6 33. a5 Nd7 34. Rc1 Nxe5 35. Rc8+ Kh7 36. Ra8 Rb2 37. Ne4 Nd3 38. Rd8 Nf4 39. Rd1 Ra2 40. g3 Nd5 41. Nd6 Kg6 42. Nb7 Rc2 43. Rb1 f5 44. Nd8 Kf6 45. Rb7 Rc7 46. Rb2 Ke7 47. Nb7 g5 48. Ke1 g4 49. Kd2 Nc3 50. Rb6 Na4 51. Rb4 Nc5 52. Nxc5 Rxc5 53. Rb7+ Kf6 54. Rh7 Kg5 55. Rg7+ Kh5 56. Re7 e5 0-1

[Event "36th Rubinstein Memorial"]
[Site "Polanica Zdroj POL"]
[Date "1999.08.18"]
[Round "2"]
[White "Kempinski, Robert"]
[Black "Khenkin, Igor"]
[WhiteElo "2549"]
[BlackElo "2633"]
[Result "1/2-1/2"]
[EventDate "1999.08.17"]
[PlyCount "22"]
1. d4 Nf6 2. c4 e6 3. Nf3 d5 4. Nc3 dxc4 5. e3 a6 6. a4 c5 7. Bxc4 Nc6 8. O-O Be7 9. dxc5 Qc7 10. Bd2 Bxc5 11. Qb1 b6 1/2-1/2

[Event "36th Rubinstein Memorial"]
[Site "Polanica Zdroj POL"]
[Date "1999.08.18"]
[Round "2"]
[White "Sutovsky, Emil"]
[Black "Milov, Vadim"]
[WhiteElo "2587"]
[BlackElo "2626"]
[Result "1-0"]
[EventDate "1999.08.17"]
[PlyCount "61"]
1. e4 c5 2. Nf3 e6 3. g3 Nc6 4. Bg2 Nf6 5. d3 Be7 6. O-O O-O 7. Nbd2 Rb8 8. a4 d5 9. Re1 a6 10. c3 b5 11. axb5 axb5 12. e5 Nd7 13. Nf1 Bb7 14. d4 Ra8 15. Rb1 b4 16. h4 Ra2 17. Ng5 Ba6 18. Be3 bxc3 19. bxc3 Qa5 20. Qg4 Bxg5 21. Bxg5 Kh8 22. Bxd5 Ndxe5 23. dxe5 exd5 24. Bf6 Rg8 25. e6 fxe6 26. Qxe6 Qc7 27. Ne3 gxf6 28. Nf5 Qd8 29. Qxc6 Bd3 30. Rb8 Ra6 31. Rxd8 1-0

[Event "36th Rubinstein Memorial"]
[Site "Polanica Zdroj POL"]
[Date "1999.08.19"]
[Round "3"]
[White "Gurevich, Mikhail"]
[Black "Sutovsky, Emil"]
[WhiteElo "2643"]
[BlackElo "2587"]
[Result "1-0"]
[EventDate "1999.08.17"]
[PlyCount "73"]
1. c4 g6 2. e4 Bg7 3. d4 d6 4. Nc3 Nf6 5. Nf3 O-O 6. Be2 Bg4 7. Be3 Nfd7 8. Qd2 c5 9. d5 a6 10. a4 Qa5 11. O-O Nb6 12. Qc2 Bxf3 13. gxf3 N8d7 14. f4 Nc8 15. Kh1 Qd8 16. Rg1 Kh8 17. Rg3 e6 18. dxe6 fxe6 19. Rd1 Bh6 20. Qd2 e5 21. fxe5 Bxe3 22. Qxe3 Nxe5 23. f4 Nc6 24. Nd5 N8e7 25. Qc3+ Nd4 26. Rxd4 cxd4 27. Qxd4+ Kg8 28. Bg4 Kf7 29. Rh3 h5 30. Qf6+ Ke8 31. Qe6 Rxf4 32. Bxh5 gxh5 33. Rxh5 Rf1+ 34. Kg2 Rf8 35. Rh7 Rg8+ 36. Kf3 Rf8+ 37. Ke2 1-0

[Event "36th Rubinstein Memorial"]
[Site "Polanica Zdroj POL"]
[Date "1999.08.19"]
[Round "3"]
[White "Khenkin, Igor"]
[Black "Markowski, Tomasz"]
[WhiteElo "2633"]
[BlackElo "2557"]
[Result "1-0"]
[EventDate "1999.08.17"]
[PlyCount "50"]
1. d4 d5 2. c4 e6 3. Nf3 c6 4. Qc2 Bd6 5. Bg5 f6 6. Bh4 Nh6 7. e3 Nf5 8. Bg3 Nxg3 9. hxg3 f5 10. Nc3 O-O 11. g4 Qa5 12. gxf5 exf5 13. Qb3 Bb4 14. g4 Bxc3+ 15. Qxc3 Qxc3+ 16. bxc3 h6 17. Rb1 b6 18. Ne5 Be6 19. cxd5 Bxd5 20. c4 Be4 21. Rb2 c5 22. d5 f4 23. f3 Bh7 24. e4 Re8 25. Nd3 Nd7 1-0

[Event "36th Rubinstein Memorial"]
[Site "Polanica Zdroj POL"]
[Date "1999.08.19"]
[Round "3"]
[White "Milov, Vadim"]
[Black "Kempinski, Robert"]
[WhiteElo "2626"]
[BlackElo "2549"]
[Result "1-0"]
[EventDate "1999.08.17"]
[PlyCount "47"]
1. d4 Nf6 2. c4 g6 3. Nc3 Bg7 4. e4 d6 5. Be2 O-O 6. Bg5 Na6 7. f4 c6 8. Nf3 Nc7 9. d5 cxd5 10. cxd5 Bg4 11. O-O Na6 12. Kh1 Nc5 13. Nd2 Bxe2 14. Qxe2 Rc8 15. Rad1 Qb6 16. Nf3 Nh5 17. f5 Nf6 18. e5 dxe5 19. Nxe5 Qa6 20. Qe3 Na4 21. Nxa4 Qxa4 22. fxg6 fxg6 23. Qh3 Qa6 24. d6 {closing the sixth rank secures the  e6 for the  with a lethal check.} 1-0

[Event "36th Rubinstein Memorial"]
[Site "Polanica Zdroj POL"]
[Date "1999.08.20"]
[Round "4"]
[White "Markowski, Tomasz"]
[Black "Milov, Vadim"]
[WhiteElo "2557"]
[BlackElo "2626"]
[Result "0-1"]
[EventDate "1999.08.17"]
[PlyCount "108"]
1. g3 c5 2. Bg2 Nc6 3. c4 g6 4. Nc3 Bg7 5. e3 d6 6. Nge2 e5 7. d3 Nge7 8. O-O O-O 9. h3 Be6 10. Nd5 Rb8 11. b3 Qd7 12. Kh2 Bxd5 13. cxd5 Nb4 14. e4 Qb5 15. a3 Nxd3 16. Bg5 f6 17. Be3 f5 18. Bg5 Rbe8 19. Qc2 Qa6 20. Rad1 c4 21. Qxc4 Qxc4 22. bxc4 fxe4 23. Kg1 Nf5 24. Bxe4 Nc5 25. Bxf5 gxf5 26. Nc3 a6 27. Rb1 f4 28. Rb6 h6 29. Bh4 e4 30. Ne2 f3 31. Nf4 e3 32. fxe3 Rxe3 33. Rxd6 Bd4 34. Kh1 Ne4 35. Rg6+ Kh7 36. Re6 Nd2 37. Rd1 f2 38. Kg2 Rf3 39. Re7+ Kh8 40. Re2 R3xf4 41. gxf4 Rg8+ 42. Bg5 f1=Q+ 43. Rxf1 Nxf1 44. Kxf1 hxg5 45. fxg5 Rxg5 46. Re7 Rg7 47. Re8+ Kh7 48. Ke2 Bc5 49. a4 Re7+ 50. Rxe7+ Bxe7 51. Kd3 Kg6 52. Ke4 Kf7 53. Ke5 Ke8 54. Ke6 Kd8 0-1

[Event "36th Rubinstein Memorial"]
[Site "Polanica Zdroj POL"]
[Date "1999.08.20"]
[Round "4"]
[White "Sutovsky, Emil"]
[Black "Van Wely, Loek"]
[WhiteElo "2587"]
[BlackElo "2629"]
[Result "0-1"]
[EventDate "1999.08.17"]
[PlyCount "82"]
1. e4 c5 2. Nc3 Nc6 3. Nf3 g6 4. d4 cxd4 5. Nxd4 Bg7 6. Be3 Nf6 7. Bc4 O-O 8. Bb3 d6 9. f3 Bd7 10. Qd2 Nxd4 11. Bxd4 b5 12. O-O b4 13. Nd5 Nxd5 14. exd5 Bxd4+ 15. Qxd4 a5 16. Rfe1 Re8 17. h4 Qc7 18. h5 Rac8 19. h6 Qc5 20. Qxc5 Rxc5 21. a3 bxa3 22. Rxa3 f5 23. Rea1 Ra8 24. Ba4 Bxa4 25. Rxa4 Rb8 26. Rxa5 Rxc2 27. Re1 Rc7 28. f4 Kf7 29. Re6 Rb4 30. Ra8 Rxf4 31. g3 Rc1+ 32. Kg2 Rc2+ 33. Kg1 Rd4 34. Re1 Rdd2 35. b4 g5 36. b5 Rxd5 37. b6 Rb2 38. Rb8 Kg6 39. b7 Kxh6 40. g4 fxg4 41. Rg8 Rxb7 0-1

[Event "36th Rubinstein Memorial"]
[Site "Polanica Zdroj POL"]
[Date "1999.08.21"]
[Round "5"]
[White "Gurevich, Mikhail"]
[Black "Markowski, Tomasz"]
[WhiteElo "2643"]
[BlackElo "2557"]
[Result "1-0"]
[EventDate "1999.08.17"]
[PlyCount "65"]
1. d4 d6 2. Nf3 Nf6 3. c4 g6 4. Nc3 Bg7 5. e4 O-O 6. Be2 Na6 7. O-O e5 8. Be3 Qe7 9. dxe5 dxe5 10. Nd5 Qd8 11. Qc2 Ng4 12. Bg5 f6 13. Bd2 c6 14. Ne3 Qe7 15. Rad1 Nh6 16. c5 Nc7 17. b4 f5 18. Nc4 fxe4 19. Bg5 Qe6 20. Qxe4 Nd5 21. Bd2 Nf7 22. Ne3 Nf6 23. Qh4 Qe7 24. Nc4 h6 25. Nd6 g5 26. Nxc8 Raxc8 27. Qc4 Rce8 28. Bc1 e4 29. Nd4 Qd7 30. b5 Kh8 31. Nxc6 Qc7 32. Nd4 Ne5 33. Qb3 1-0

[Event "36th Rubinstein Memorial"]
[Site "Polanica Zdroj POL"]
[Date "1999.08.21"]
[Round "5"]
[White "Khenkin, Igor"]
[Black "Bunzmann, Dimitrij"]
[WhiteElo "2633"]
[BlackElo "2596"]
[Result "1/2-1/2"]
[EventDate "1999.08.17"]
[PlyCount "59"]
1. d4 e6 2. c4 b6 3. e4 Bb7 4. Bd3 f5 5. exf5 Bb4+ 6. Kf1 Nf6 7. Nf3 O-O 8. a3 Bd6 9. Nc3 Qe8 10. Bg5 exf5 11. Bxf5 Qh5 12. h4 h6 13. Kg1 Bxf3 14. Qxf3 Qxf3 15. gxf3 hxg5 16. hxg5 Ne8 17. Bh7+ Kf7 18. Nd5 g6 19. Rh6 Kg7 20. Bxg6 Nc6 21. Rd1 Rd8 22. Kg2 Ne7 23. Nxe7 Bxe7 24. Be4 Rh8 25. Rdh1 Rxh6 26. Rxh6 Nd6 27. Rh7+ Kf8 28. Rh8+ Kg7 29. Rh7+ Kf8 30. Rh8+ 1/2-1/2

[Event "36th Rubinstein Memorial"]
[Site "Polanica Zdroj POL"]
[Date "1999.08.21"]
[Round "5"]
[White "Milov, Vadim"]
[Black "Onischuk, Alexander"]
[WhiteElo "2626"]
[BlackElo "2657"]
[Result "0-1"]
[EventDate "1999.08.17"]
[PlyCount "134"]
1. d4 Nf6 2. c4 e6 3. Nc3 Bb4 4. Nf3 b6 5. Bg5 Bb7 6. Qb3 c5 7. a3 Bxc3+ 8. Qxc3 h6 9. Bh4 g5 10. Bg3 Ne4 11. Qd3 Nxg3 12. hxg3 Qf6 13. O-O-O Bxf3 14. gxf3 Qxd4 15. Qxd4 cxd4 16. Rxd4 Nc6 17. Rd3 Ne5 18. Rc3 Rc8 19. e4 h5 20. Kd2 Ke7 21. f4 gxf4 22. gxf4 Ng4 23. Ke2 d6 24. Rh4 Nf6 25. Bg2 e5 26. fxe5 dxe5 27. Bh3 Rc7 28. f4 Nxe4 29. Re3 Rxc4 30. Bf5 Nc5 31. Rxe5+ Kf6 32. Kf3 Nb3 33. Bd3 Rc5 34. Rxc5 Nxc5 35. Bc4 Ne6 36. Rh2 h4 37. Bf1 Nd4+ 38. Kf2 Nf5 39. Rh3 Rd8 40. Rd3 Rxd3 41. Bxd3 h3 42. b4 h2 43. Kg2 Ng3 44. Kxh2 Nh5 45. a4 Nxf4 46. Bc4 Ne6 47. a5 Ke5 48. axb6 axb6 49. Kg3 f6 50. Kf2 Nd4 51. Bd3 Kf4 52. Bg6 Nc6 53. b5 Nd4 54. Bd3 Nf5 55. Bf1 Ke4 56. Bg2+ Kd4 57. Bf1 Ne3 58. Be2 Ke4 59. Bf3+ Kf4 60. Bc6 Nf5 61. Bd5 Nd6 62. Bc6 Ke5 63. Ke3 Nf5+ 64. Kd3 Nd4 65. Be8 Kd5 66. Bd7 Kd6 67. Be8 Kc5 0-1

[Event "36th Rubinstein Memorial"]
[Site "Polanica Zdroj POL"]
[Date "1999.08.21"]
[Round "5"]
[White "Rustemov, Alexander"]
[Black "Sutovsky, Emil"]
[WhiteElo "2573"]
[BlackElo "2587"]
[Result "0-1"]
[EventDate "1999.08.17"]
[PlyCount "64"]
1. d4 Nf6 2. c4 g6 3. Nc3 d5 4. Nf3 Bg7 5. Qb3 dxc4 6. Qxc4 O-O 7. Bf4 Na6 8. e4 c5 9. dxc5 Be6 10. Qb5 Bd7 11. Qxb7 Nxc5 12. Qb4 Ne6 13. Be5 a5 14. Qa3 Qb6 15. Bc4 Ng4 16. Bg3 Qb4 17. Qxb4 axb4 18. Nd5 Bxb2 19. Rb1 Bc3+ 20. Ke2 Nc5 21. Nb6 Be6 22. Bxe6 fxe6 23. Nxa8 Rxa8 24. h3 Rxa2+ 25. Kf1 Nf6 26. e5 Nd5 27. Kg1 b3 28. Kh2 b2 29. Rbd1 Ne4 30. h4 h6 31. Rd3 Kf7 32. Kh3 Nxf2+ 0-1

[Event "36th Rubinstein Memorial"]
[Site "Polanica Zdroj POL"]
[Date "1999.08.21"]
[Round "5"]
[White "Van Wely, Loek"]
[Black "Kempinski, Robert"]
[WhiteElo "2629"]
[BlackElo "2549"]
[Result "1-0"]
[EventDate "1999.08.17"]
[PlyCount "75"]
1. d4 Nf6 2. c4 g6 3. Nc3 Bg7 4. e4 O-O 5. Nf3 d6 6. Be2 Na6 7. Bf4 Qe8 8. e5 Nd7 9. Qd2 dxe5 10. dxe5 Ndc5 11. O-O Bg4 12. Qe3 Na4 13. Ne4 b6 14. b3 N4c5 15. Nc3 Nb4 16. Rad1 Ne6 17. Bg3 c5 18. h3 Bf5 19. Nd5 Nc2 20. Qd2 Rd8 21. Bh4 Rd7 22. Bd3 Ncd4 23. Nxd4 Nxd4 24. Rfe1 Bxh3 25. Nf6+ exf6 26. exf6 Qa8 27. Be4 Nf3+ 28. Bxf3 Rxd2 29. Rxd2 Bh6 30. Bxa8 Bxd2 31. Re2 Bc3 32. Bd5 Bg4 33. f3 Bf5 34. Bg5 Bd4+ 35. Kh2 h5 36. Re7 a5 37. Bh6 Bxf6 38. Bxf8 1-0

[Event "36th Rubinstein Memorial"]
[Site "Polanica Zdroj POL"]
[Date "1999.08.22"]
[Round "6"]
[White "Kempinski, Robert"]
[Black "Rustemov, Alexander"]
[WhiteElo "2549"]
[BlackElo "2573"]
[Result "1-0"]
[EventDate "1999.08.17"]
[PlyCount "85"]
1. d4 d5 2. c4 e6 3. Nf3 Nf6 4. Nc3 c5 5. cxd5 Nxd5 6. e3 Nc6 7. Bd3 cxd4 8. exd4 Bb4 9. Bd2 O-O 10. O-O Qd6 11. a3 Ba5 12. Ne4 Qc7 13. b4 Bb6 14. Rc1 Qe7 15. Nc5 a5 16. Qa4 Qd6 17. b5 Nce7 18. Qc2 h6 19. Ne5 Bc7 20. Qb2 Nf5 21. Rfe1 f6 22. Ne4 Qb6 23. Nf3 Rd8 24. Nc5 Qd6 25. Ne4 Qb6 26. Bb1 Kf7 27. Nc5 Qd6 28. g3 Nfe7 29. Qc2 Rh8 30. Nh4 b6 31. Ng6 Rg8 32. Nxe7 Qxe7 33. Ba2 Rd8 34. Na4 Ra7 35. Qh7 Qxa3 36. Bxd5 exd5 37. Bxh6 Rg8 38. Nxb6 Bg4 39. Nxd5 Bd6 40. b6 Qf3 41. Bf4 Qxd5 42. bxa7 Bxf4 43. gxf4 1-0

[Event "36th Rubinstein Memorial"]
[Site "Polanica Zdroj POL"]
[Date "1999.08.22"]
[Round "6"]
[White "Khenkin, Igor"]
[Black "Milov, Vadim"]
[WhiteElo "2633"]
[BlackElo "2626"]
[Result "0-1"]
[EventDate "1999.08.17"]
[PlyCount "80"]
1. d4 Nf6 2. c4 e6 3. Nf3 d5 4. Nc3 Nbd7 5. Bg5 Bb4 6. cxd5 exd5 7. e3 c5 8. Bd3 Qa5 9. O-O c4 10. Bc2 Bxc3 11. bxc3 Qxc3 12. Rc1 Qa3 13. Ne5 b5 14. Nxd7 Bxd7 15. Qf3 Qd6 16. a4 Bg4 17. Bf4 Qe6 18. Qg3 b4 19. f3 b3 20. Bb1 Bh5 21. Bd6 Bg6 22. Bc5 Nd7 23. Ba3 Bxb1 24. Rxb1 Qxe3+ 25. Kh1 O-O-O 26. Qxg7 Qe6 27. Qg5 Rde8 28. Qd2 Kb7 29. Rfe1 Qc6 30. Rec1 Qxa4 31. Qf4 f6 32. Qd6 Nb6 33. Bc5 Qc6 34. Qf4 Re2 35. Bb4 Rg8 36. g4 Qe6 37. Re1 Rc8 38. Rxe2 Qxe2 39. Re1 Qd3 40. Qxf6 b2 0-1

[Event "36th Rubinstein Memorial"]
[Site "Polanica Zdroj POL"]
[Date "1999.08.23"]
[Round "7"]
[White "Milov, Vadim"]
[Black "Bunzmann, Dimitrij"]
[WhiteElo "2626"]
[BlackElo "2596"]
[Result "1/2-1/2"]
[EventDate "1999.08.17"]
[PlyCount "130"]
1. d4 e6 2. c4 b6 3. a3 Bb7 4. Nc3 f5 5. d5 Be7 6. g3 Bf6 7. Bg2 Bxc3+ 8. bxc3 Nf6 9. Nh3 O-O 10. O-O Na6 11. a4 Nc5 12. a5 Nfe4 13. Ba3 Re8 14. f3 Nf6 15. Bxc5 bxc5 16. e4 exd5 17. exd5 Ba6 18. Qd3 Qe7 19. Qxf5 Bxc4 20. Rfd1 Qe3+ 21. Kh1 Re5 22. Qc2 Bxd5 23. Rd3 Qe2 24. Rd2 Qc4 25. Nf4 Rae8 26. h4 Bc6 27. Rd3 Nd5 28. Nxd5 Rxd5 29. Rxd5 Bxd5 30. Rd1 Bc6 31. Rd3 Re1+ 32. Kh2 Qe6 33. Qb2 Re2 34. Qb8+ Kf7 35. Qb1 Qa2 36. Qg1 Qc2 37. Re3 d6 38. g4 Qd2 39. Rxe2 Qxe2 40. Qc1 Qe5+ 41. Kh3 h5 42. Qd2 c4 43. a6 Bd7 44. Bf1 Be6 45. Be2 Ke7 46. Kg2 hxg4 47. fxg4 Bc8 48. Bf3 Bxa6 49. Qa2 Qb5 50. Qe2+ Qe5 51. Qa2 Qb5 52. Qe2+ Kd8 53. Qe6 Qe8 54. Qd5 Bb5 55. Qa8+ Kd7 56. Qxa7 Qe5 57. Qa5 Qc5 58. Qa8 Bc6 59. Qg8 Bxf3+ 60. Kxf3 Qe5 61. Qxc4 Qf6+ 62. Kg3 Qe5+ 63. Kg2 d5 64. Qd4 Kd6 65. Qb4+ Ke6 1/2-1/2

[Event "36th Rubinstein Memorial"]
[Site "Polanica Zdroj POL"]
[Date "1999.08.23"]
[Round "7"]
[White "Rustemov, Alexander"]
[Black "Markowski, Tomasz"]
[WhiteElo "2573"]
[BlackElo "2557"]
[Result "1/2-1/2"]
[EventDate "1999.08.17"]
[PlyCount "61"]
1. d4 d6 2. Nf3 Nf6 3. g3 g6 4. Bg2 Bg7 5. c4 O-O 6. Nc3 Nc6 7. O-O Rb8 8. e3 a6 9. Qe2 e5 10. d5 Ne7 11. e4 Ne8 12. Ne1 b5 13. a3 c6 14. Nc2 Nc7 15. Rd1 bxc4 16. Qxc4 cxd5 17. exd5 a5 18. Qa4 Na6 19. b4 Bg4 20. f3 Bd7 21. Qb3 axb4 22. axb4 Nxb4 23. Nxb4 Qb6+ 24. Kh1 Qxb4 25. Qxb4 Rxb4 26. Ne4 Nc8 27. Ba3 Ra4 28. Bxd6 Nxd6 29. Nxd6 e4 30. Rxa4 Bxa4 31. Re1 1/2-1/2

[Event "36th Rubinstein Memorial"]
[Site "Polanica Zdroj POL"]
[Date "1999.08.23"]
[Round "7"]
[White "Sutovsky, Emil"]
[Black "Kempinski, Robert"]
[WhiteElo "2587"]
[BlackElo "2549"]
[Result "1-0"]
[EventDate "1999.08.17"]
[PlyCount "113"]
1. e4 c5 2. Nc3 d6 3. f4 Nc6 4. Nf3 g6 5. Bb5 Bd7 6. O-O Bg7 7. d3 e6 8. f5 exf5 9. exf5 Bxf5 10. Bg5 Qd7 11. Qe1+ Be6 12. Ne4 a6 13. Bxc6 Qxc6 14. Qg3 Kd7 15. Bf4 Nf6 16. Nfg5 Nh5 17. Qh4 Nxf4 18. Nxe6 Nxe6 19. Rxf7+ Kc8 20. Qh3 Bd4+ 21. Kh1 Re8 22. Ng5 Kb8 23. Nxe6 Qd5 24. Re1 Be5 25. Qxh7 Rxe6 26. Rf8+ Ka7 27. Rxa8+ Kxa8 28. Qg8+ Ka7 29. c4 Qxd3 30. Qxe6 Qd2 31. Rf1 Qxb2 32. Qxg6 Qxa2 33. Qe4 Qa4 34. g3 Bd4 35. Rb1 Qd7 36. Kg2 Qf7 37. h4 a5 38. Qe1 Kb8 39. Qe2 a4 40. Rf1 Qd7 41. Rf3 Kc7 42. Rf8 a3 43. Ra8 Bb2 44. Qe1 Qf5 45. Qe7+ Qd7 46. Qe1 Qf5 47. Qe7+ Qd7 48. Qf8 Kb6 49. Kh2 d5 50. Qh6+ Kc7 51. Qf4+ Kb6 52. Qd2 d4 53. Qa5+ Kc6 54. Rg8 Qf5 55. Qb5+ Kc7 56. Rg7+ Kd8 57. Qa5+ 1-0

[Event "36th Rubinstein Memorial"]
[Site "Polanica Zdroj POL"]
[Date "1999.08.23"]
[Round "7"]
[White "Van Wely, Loek"]
[Black "Onischuk, Alexander"]
[WhiteElo "2629"]
[BlackElo "2657"]
[Result "1/2-1/2"]
[EventDate "1999.08.17"]
[PlyCount "43"]
1. d4 Nf6 2. c4 e6 3. Nf3 b6 4. a3 Bb7 5. Nc3 d5 6. Bg5 Be7 7. Qa4+ Bc6 8. Qb3 dxc4 9. Qxc4 O-O 10. g3 Bxf3 11. exf3 Nd5 12. Bd2 Nxc3 13. Bxc3 Qd5 14. Qxc7 Nc6 15. Qf4 Rad8 16. Ba6 Bg5 17. Qe4 Nxd4 18. Qxd5 Rxd5 19. Rd1 Bf6 20. Bxd4 Bxd4 21. Rd2 Rfd8 22. Ke2 1/2-1/2

[Event "36th Rubinstein Memorial"]
[Site "Polanica Zdroj POL"]
[Date "1999.08.25"]
[Round "8"]
[White "Bunzmann, Dimitrij"]
[Black "Kempinski, Robert"]
[WhiteElo "2596"]
[BlackElo "2549"]
[Result "0-1"]
[EventDate "1999.08.17"]
[PlyCount "66"]
1. d4 Nf6 2. c4 g6 3. Nc3 Bg7 4. e4 d6 5. Nf3 O-O 6. Be2 e5 7. O-O Qe8 8. dxe5 dxe5 9. Be3 Na6 10. Nd2 Nd7 11. a3 Nac5 12. Nb5 Ne6 13. Nxa7 f5 14. f3 Rxa7 15. Bxa7 b6 16. a4 Qe7 17. a5 Bh6 18. Nb3 Bf4 19. Qe1 Bb7 20. axb6 cxb6 21. Bd3 Qg5 22. Kh1 Qh5 23. g3 Ng5 24. gxf4 Nxf3 25. Qg3 fxe4 26. Be2 Rxf4 27. h3 Nf6 28. Rf2 Rg4 29. Bxf3 exf3 30. Qh2 Rh4 31. Rd1 Rxh3 32. Rd8+ Kg7 33. Rb8 Bc6 0-1

[Event "36th Rubinstein Memorial"]
[Site "Polanica Zdroj POL"]
[Date "1999.08.25"]
[Round "8"]
[White "Markowski, Tomasz"]
[Black "Sutovsky, Emil"]
[WhiteElo "2557"]
[BlackElo "2587"]
[Result "1-0"]
[EventDate "1999.08.17"]
[PlyCount "57"]
1. g3 g6 2. Bg2 Bg7 3. c4 c5 4. Nc3 Nc6 5. e3 h5 6. h3 Nh6 7. Nge2 Nf5 8. d3 b6 9. b3 Bb7 10. Bb2 d6 11. O-O Qd7 12. Qd2 O-O-O 13. Nb5 Bxb2 14. Qxb2 h4 15. g4 Ne5 16. e4 Nxg4 17. Nxa7+ Kb8 18. Nb5 Ne5 19. Qa3 Qc6 20. Nf4 Nd4 21. Qa7+ Kc8 22. Nxd4 cxd4 23. Nd5 Kd7 24. Nxb6+ Ke6 25. Nd5 g5 26. Rad1 g4 27. Qxd4 Rdg8 28. Qe3 Rg7 29. d4 1-0

[Event "36th Rubinstein Memorial"]
[Site "Polanica Zdroj POL"]
[Date "1999.08.25"]
[Round "8"]
[White "Milov, Vadim"]
[Black "Gurevich, Mikhail"]
[WhiteElo "2626"]
[BlackElo "2643"]
[Result "1/2-1/2"]
[EventDate "1999.08.17"]
[PlyCount "60"]
1. d4 d5 2. c4 c6 3. Nc3 Nf6 4. cxd5 cxd5 5. Bf4 Nc6 6. Nf3 a6 7. Rc1 Bf5 8. e3 Rc8 9. Be2 e6 10. O-O Bd6 11. Bxd6 Qxd6 12. Na4 O-O 13. Nc5 Rc7 14. Qb3 Qe7 15. Rc3 Bg4 16. h3 Bxf3 17. Bxf3 e5 18. Qa4 exd4 19. exd4 Na7 20. Re3 Qd6 21. Qd1 Nc6 22. Rc3 Rfc8 23. Bg4 Nxg4 24. Qxg4 h5 25. Qxh5 Nxd4 26. Rd1 Rxc5 27. Rxd4 Rxc3 28. bxc3 Rxc3 29. g3 g6 30. Qxd5 Qxd5 1/2-1/2

[Event "36th Rubinstein Memorial"]
[Site "Polanica Zdroj POL"]
[Date "1999.08.26"]
[Round "9"]
[White "Kempinski, Robert"]
[Black "Markowski, Tomasz"]
[WhiteElo "2549"]
[BlackElo "2557"]
[Result "1/2-1/2"]
[EventDate "1999.08.17"]
[PlyCount "21"]
1. d4 c5 2. d5 f5 3. Nc3 Nf6 4. g3 g6 5. Bg2 Bg7 6. Nh3 O-O 7. O-O d6 8. Nf4 Na6 9. Re1 Nc7 10. a4 g5 11. Ne6 1/2-1/2

[Event "36th Rubinstein Memorial"]
[Site "Polanica Zdroj POL"]
[Date "1999.08.26"]
[Round "9"]
[White "Rustemov, Alexander"]
[Black "Khenkin, Igor"]
[WhiteElo "2573"]
[BlackElo "2633"]
[Result "1-0"]
[EventDate "1999.08.17"]
[PlyCount "76"]
1. d4 d5 2. c4 e6 3. Nc3 Nf6 4. cxd5 exd5 5. Bg5 c6 6. e3 Bf5 7. Qf3 Bg6 8. Bxf6 Qxf6 9. Qxf6 gxf6 10. h4 h5 11. Nge2 Bd6 12. g3 Nd7 13. Nf4 Nb6 14. Rc1 a5 15. Be2 a4 16. a3 Ke7 17. f3 Bf5 18. Kf2 Be6 19. Rhe1 f5 20. Bd3 Nd7 21. e4 fxe4 22. fxe4 dxe4 23. Bxe4 Rh6 24. d5 cxd5 25. Ncxd5+ Bxd5 26. Bxd5+ Ne5 27. Re4 Kd7 28. Rc2 Ra7 29. Kg2 b5 30. Rce2 f6 31. Rc2 f5 32. Rd4 Ra6 33. Bb7 Ra7 34. Bc8+ Kd8 35. Bxf5 Nc4 36. Kf3 Re7 37. Bd3 Ne5+ 38. Kg2 Ng4 1-0